Quizzes
Events
Quiz Creation
Community
Videos
Private Events
Remove Ads
Sign In
Join for FREE
Feedback
Dark Mode
Quiz Categories
Sports
Geography
Music
Movies
Television
Just For Fun
Miscellaneous
History
Literature
Language
Science
Gaming
Entertainment
Religion
Holiday
For Kids
Quiz Lab
Recent
Popular Today
Quiz Kudos Today
Editor Picks
Curator Picks
Quizzes by...
Day
Popularity
Type
Ratings
Length
Year
Community
Subscriptions
Recent Discussions
Orange Saloon
Badges
Playlists
Quests
Create
Leaderboards
Showdown
Live 5
Trivia Bingo
Activity
Puzzle Library
Sporcle Events
Private Events
Virtual Trivia
Globe League
Become a Host
Pub Owners
SporcleCon
Opinionation
Our Games
Videos
Blog
Mobile Apps
Partnerships
Remove Ads and Go Orange
Feedback
Music
Pop Music
The Beatles
Song
Album
Lyrics
Bands
Singers
Artist
Clip
Rock
Rap
Classical
Billboard
Country Music
Kpop
Taylor Swift
Music
Pop Music
The Beatles
Song
Album
Lyrics
Bands
Singers
Artist
Clip
Rock
Rap
Classical
Billboard
Country Music
Kpop
Taylor Swift
Random Quiz
Search Sporcle
×
Quiz Lab
Quiz Lab
Music
Lyrics
Type in answers that appear in a list
Type in answers that appear in a list
Classic
Best Score? Go Orange.
'Inside Out' Lyrics (Avalanche City) Stats
Can you name the lyrics to 'Inside Out' by Avalanche City
By
the_crazy_kiwi
8m
147 Questions
15 Plays
15 Plays
15 Plays
Comments
Comments
Give Quiz Kudos
Give Quiz Kudos
-
- Ratings
hide this ad
Replay
Link that replays current quiz
Next Quiz
Link to next quiz in quiz playlist
You Got
0%
They Got
Avg Score
49%
Avg Friend Score
Upgrade to see
Score Distribution
Jump to the score distribution portion of the page
Score
0/147
Timer
08:00
0
Plays Today
Lyrics
% Correct
the
86.7%
and
86.7%
the
86.7%
And
86.7%
the
86.7%
And
86.7%
the
86.7%
And
86.7%
the
86.7%
And
86.7%
the
86.7%
And
86.7%
[x2]
86.7%
We
80%
we
80%
we
80%
in
80%
go
80%
we
80%
[x4]
80%
is
73.3%
out
73.3%
but
73.3%
is
73.3%
inside
73.3%
out
73.3%
but
73.3%
love
73.3%
is
73.3%
lost
73.3%
is
73.3%
inside
73.3%
out
73.3%
but
73.3%
is
73.3%
gone
73.3%
but
73.3%
but
73.3%
is
73.3%
inside
73.3%
out
73.3%
but
73.3%
love
73.3%
is
73.3%
lost
73.3%
is
73.3%
inside
73.3%
out
73.3%
but
73.3%
Lyrics
% Correct
is
73.3%
gone
73.3%
this
66.7%
this
66.7%
our
66.7%
this
66.7%
this
66.7%
our
66.7%
this
66.7%
you
60%
want
60%
want
60%
you
60%
want
60%
you
60%
want
60%
want
60%
you
60%
all
53.3%
best
53.3%
all
53.3%
to
53.3%
to
53.3%
best
53.3%
all
53.3%
here
46.7%
So
46.7%
here
46.7%
have
46.7%
so
46.7%
have
46.7%
I'm
40%
back
40%
down
40%
I'm
40%
I'm
40%
are
33.3%
us
33.3%
cleaning
33.3%
seat
33.3%
my
33.3%
me
33.3%
I
33.3%
I
33.3%
know
33.3%
I
33.3%
I
33.3%
I
33.3%
my
33.3%
Lyrics
% Correct
me
33.3%
get
33.3%
my
33.3%
I
33.3%
know
33.3%
I
33.3%
I
33.3%
coming
26.7%
baby
26.7%
one
26.7%
getting
26.7%
when
26.7%
won't
26.7%
words
26.7%
stuck
26.7%
mouth
26.7%
of
26.7%
never
26.7%
coming
26.7%
home
26.7%
We've
20%
put
20%
through
20%
failed
20%
each
20%
stuff
20%
Please
20%
leave
20%
that
20%
move
20%
keeps
20%
dragging
20%
trying
20%
speak
20%
dreaming
20%
as
20%
That
20%
just
20%
last
13.3%
done
13.3%
tests
13.3%
stop
13.3%
heart
13.3%
girl
13.3%
I've
6.7%
been
6.7%
lies
6.7%
we'd
6.7%
say
6.7%
Quiz Playlist
Details
Report
Send in Message
Add To Playlist
Classic:
Type in answers that appear in a list
Last Updated: Feb 16, 2017
Quiz Scoreboard
CHALLENGE
Sign Up to Join the Scoreboard
Show All
Scores
Hide
Comments
May contain spoilers
Recently Published
Pick 6: Fruits
by JohnFran
Miscellaneous
15s
Click the 1999 NBA Draft
by nibperrychub
Sports
2m
Alphabetical 'K' Countries by Flag Minefield
by ylime102
Geography
3m
More to Explore
Quiz From the Vault
Featured Blog Post
15 Basketball Trivia Facts You Can Be March Mad About
hide this ad
You Might Also Like...
Tags
City Quiz
Lyrics Quiz
Song Quiz
inside
New Zealand
out
Today's Top Quizzes in Music
Browse Music
hide this ad
Today's Top Quizzes in Lyrics
Browse Lyrics
Top Contributed Quizzes in Music
1
Taylor Swift All Songs (2024)
2
A Taylor Swift Logic Puzzle
3
KPOP LOGIC QUIZ
4
Taylor Swift Logic Puzzle
5
NCT 2020 Logic Puzzle
6
Guess the Taylor Swift song (Mystery Song)
7
Joni Mitchell—'Car on a Hill' Lyrics
8
Guess The Taylor Swift Lyrics Song #1
9
Lana Del Rey songs - match the song with the album
10
kpop group name match up
Explore More
Trending Topics
NBA
Anime
Disney
Harry Potter
Kpop
Crossword
Marvel
Soccer
Country
The Office
Puzzle
Pokémon
WWE
NFL
Song
hide this ad
More By:
the_crazy_kiwi
Quiz
Plays
Rating
Category
Featured
Created
Netball positions
508
Sports
Apr 6, 2014
Misheard lyrics
428
2.75
Music
Apr 11, 2014
Cherub: The Recruit
385
5.00
Literature
Mar 24, 2014
Can you feel the love tonight lyrics
281
3.50
Music
Apr 15, 2014
'Paint the Town Green' Lyrics (The Script)
228
5.00
Music
Jun 28, 2015
Go to Creator's Profile
Score Distribution
Quiz Creator Spotlight
the_crazy_kiwi
Follow
Send a Message
Quizzes Created
-
Created Quiz Play Count
-
More By This Creator
Popular Quizzes Today
1
Find the US States - No Outlines Minefield
2
Countries of Asia Without Outlines Minefield
3
Pick 6: Fruits
4
The Countries of the World
5
Alphabetical 'K' Countries by Flag Minefield
6
Find the US States
7
Match the Book to the Film X
8
Click the 1999 NBA Draft
More Music Quizzes
Missing Word: Top Gun Soundtrack
Curator's Pick
Trending Quizzes
Pick 6: Harry Potter
Pick 6: Mountains
Pick 6: NFL Teams
Pick 6: Movie Franchises
Pick 6: Golfers
Recently Updated
Women's Final Four Teams by Year
bhenderson79
Presidents Quartet II
eogle
Anything But Clue(do)
eogle
Anything But Oceanian Capitals
eogle
Anything But 7
eogle
Anything But Thing
eogle
Word Ladder: February 29
pecheneg
Song Title Questions
pecheneg
Women's NCAA Tournament #1 Seeds
pecheneg
Celebrity Mug Shots
pecheneg
Trending Topics
Disney
Crossword
Anime
Kpop
Marvel
NBA
Harry Potter
Puzzle
WWE
Soccer
Song
The Office
Pokémon
NFL
Country
Your Account Isn't Verified!
In order to create a playlist on Sporcle, you need to verify the email address you used during registration. Go to your
Sporcle Settings
to finish the process.
Report this User
Report this user for behavior that violates our
Community Guidelines
.
Details:
Send Report
Go to the Sporcle.com Mobile Site →
Comments